00312 2200133 4500001002100000005001500021035002000036245003700056100001700093300001200110260003600122082000800158990001200166INLIS00000000000224120250527020905 a0010-05250005331 aArjuna Wiwaha /cI. Umar Suparno0 aUmar Suparno a123 hlm aJakarta :bBalai Pustaka,c1991 a813 a0712708